[Event "Roncana op-B 9th"]
[Site "Santa Eulalia de Roncana"]
[Date "2015.11.14"]
[Round "6"]
[White "Ruiz Mateos, Bernardo"]
[Black "Naval Bonet, Joan"]
[Result "1-0"]
[WhiteElo "1663"]
[BlackElo "1706"]
[PlyCount "67"]
[EventDate "2015.10.03"]
[EventType "swiss"]
[EventRounds "8"]
[EventCountry "ESP"]
[SourceTitle "EXT 2017"]
[Source "ChessBase"]
[SourceDate "2016.10.25"]
[SourceVersion "1"]
[SourceVersionDate "2016.10.25"]
[SourceQuality "1"]

1. Nf3 d5 2. d4 Nc6 3. Bf4 Bf5 4. a3 e6 5. e3 Bd6 6. Bxd6 Qxd6 7. c4 Nf6 8. c5 Qe7 9. Nc3 0-0 10. Nh4 Bg4 11. Nf3 Ne4 12. Be2 f6 13. 0-0 a6 14. Qc2 b6 15. b4 b5 16. Nxe4 Bf5 17. Bd3 g6 18. Nc3 Bxd3 19. Qxd3 e5 20. dxe5 fxe5 21. Nxd5 Qe8 22. Nxc7 Qd8 23. Qxd8 Raxd8 24. Ne6 e4 25. Nfg5 Rfe8 26. Nxd8 Nxd8 27. Rad1 Nc6 28. Rd6 Nb8 29. Re6 Rxe6 30. Nxe6 Nd7 31. Rd1 Ne5 32. Rd8+ Kf7 33. Nd4 Ke7 34. Ra8 1-0